书目信息 |
| 题名: |
柑橘优质丰产栽培与病虫害原色生态图谱
|
|
| 作者: | 黄恒文 , 林忠辉 主编 | |
| 分册: | ||
| 出版信息: | 北京 中国农业科学技术出版社 2018.06 |
|
| 页数: | 129页 | |
| 开本: | 21cm | |
| 丛书名: | ||
| 单 册: | ||
| 中图分类: | S436.66-64 | |
| 科图分类: | ||
| 主题词: | 柑桔类--病虫害防治--图谱 | |
| 电子资源: | ||
| ISBN: | 978-7-5116-3715-4 | |
| 000 | 00916nam0 2200241 450 | |
| 001 | 4991 | |
| 005 | 20181013170246.27 | |
| 010 | @a978-7-5116-3715-4@dCNY39.80 | |
| 100 | @a20180819d2018 em y0chiy50 ea | |
| 101 | 0 | @achi |
| 102 | @aCN@b110000 | |
| 105 | @aa z 000yy | |
| 200 | 1 | @a柑橘优质丰产栽培与病虫害原色生态图谱@9gan ju you zhi feng chan zai pei yu bing chong hai yuan se sheng tai tu pu@f黄恒文,林忠辉主编 |
| 210 | @a北京@c中国农业科学技术出版社@d2018.06 | |
| 215 | @a129页@d21cm | |
| 300 | @a水果产业·农民培训精品教材 | |
| 330 | @a主要介绍了柑橘(砂糖橘)生物学特性、柑橘(砂糖橘)高标准建园技术、柑橘的育苗栽培、柑橘(砂糖橘)结果管理、柑橘绿色防控措施、柑橘病虫害等方面内容。 | |
| 606 | 0 | @a柑桔类@x病虫害防治@j图谱 |
| 690 | @aS436.66-64@v5 | |
| 701 | 0 | @a黄恒文@9huang heng wen@4主编 |
| 701 | 0 | @a林忠辉@9lin zhong hui@4主编 |
| 801 | 0 | @aCN@b91MARC@c20180819 |
| 905 | @aMuseLib@dS436.66-64@e141 | |
| 柑橘优质丰产栽培与病虫害原色生态图谱/黄恒文,林忠辉主编.-北京:中国农业科学技术出版社,2018.06 |
| 129页;21cm |
| 水果产业·农民培训精品教材 |
| ISBN 978-7-5116-3715-4:CNY39.80 |
| 主要介绍了柑橘(砂糖橘)生物学特性、柑橘(砂糖橘)高标准建园技术、柑橘的育苗栽培、柑橘(砂糖橘)结果管理、柑橘绿色防控措施、柑橘病虫害等方面内容。 |
| ● |
| 相关链接 |
|
|
|
|
正题名:柑橘优质丰产栽培与病虫害原色生态图谱
索取号:S436.66-64/141
 
预约/预借
| 序号 | 登录号 | 条形码 | 馆藏地/架位号 | 状态 | 备注 |
| 1 | 1127604 | 211276046 | 第二样本阅览室/ [索取号:S436.66-64/141] | 在馆 | |
| 2 | 1127605 | 211276055 | 密集书库-生命科学系/ [索取号:S436.66-64/141] | 在馆 | |
| 3 | 1127606 | 211276064 | 第三借阅区/ [索取号:S436.66-64/141] | 在馆 | |
| 4 | 1127607 | 211276073 | 第三借阅区/ [索取号:S436.66-64/141] | 在馆 | |
| 5 | 1127608 | 211276082 | 第三借阅区/ [索取号:S436.66-64/141] | 在馆 |